Normal view
MARC view
Entry Personal Name
001 - CONTROL NUMBER
- control field: 27668
003 - CONTROL NUMBER IDENTIFIER
- control field: ARRUPE
005 - DATE AND TIME OF LATEST TRANSACTION
- control field: 20161129105203.0
008 - FIXED-LENGTH DATA ELEMENTS
- fixed length control field: 161129|| aca||aabn | a|a d
040 ## - CATALOGING SOURCE
- Original cataloging agency: ARRUPE
- Transcribing agency: ARRUPE
100 ## - HEADING--PERSONAL NAME
- Personal name: Kant, Immanuel
670 ## - SOURCE DATA FOUND
- Source citation: Work cat.: (ARRUPE)0: Caird, Edward, 1835-1908. 27664, The critical philosophy of Immanuel Kant,, 2005.